| 000 | 00746nam0a22002291 4500 | ||
|---|---|---|---|
| 001 | rc\722133 | ||
| 005 | 20250621225941.0 | ||
| 035 | _a(NLR Aleph) 005965416 | ||
| 090 |
_a6889369 _c6889369 |
||
| 100 | _a20031121d1998 |||y0rusy50 ca | ||
| 101 | 0 | _arus | |
| 102 | _aRU | ||
| 105 | _ay ||||||||| | ||
| 200 | 1 |
_aЗеленая бутыль или Укрощение котов _eСказка для дет. театра _fА. Исаев _g[Худож. С.С. Рубцов] |
|
| 210 |
_aКрасноармейск _cБ. и. _d[1998] |
||
| 215 |
_a[36] с. _d20 |
||
| 700 | 1 |
_aИсаев _bА.В. _gАлександр Васильевич |
|
| 801 | 0 |
_aRU _bNLR _gpsbo |
|
| 801 | 1 |
_aRU _bELAR _2rusmarc |
|
| 852 |
_aNLR _j98-6/519 |
||
| 942 | _cBOOK | ||
| 980 | _aNB | ||